| 000 | 00381nam a22001217a 4500 | ||
|---|---|---|---|
| 082 | _a200 THE | ||
| 100 |
_aSyed Awais Ali Shah _915484 |
||
| 245 | _aTH-SOF-1091-Sampled Data Gyroscope Stabilization of Two Degree of Freedom Platform | ||
| 260 |
_aISLAMABAD _bNUST COLLEGE OF EME _c2014 |
||
| 650 | _aMS-ELECT-71 MSTHESIS | ||
| 700 | _aSUPERVISOR Dr.Fahad Mumtaz Malik | ||
| 942 | _cCF | ||
| 999 |
_c577505 _d577505 |
||